| 000 | 00000nam##2200000za#4500 |
| 001 | 9.699960 |
| 003 | CaOODSP |
| 005 | 20210625000622 |
| 007 | cr ||||||||||| |
| 008 | 150407|1924||||xxc|||||o f|0| 0 eng|d |
| 040 | |aCaOODSP|beng |
| 043 | |an-cn--- |
| 086 | 1 |aCP32-139/1924E-PDF |
| 110 | 1 |aCanada. |bPrivy Council Office. |
| 245 | 10|aReport by Col. Andrew T. Thompson, B.A., LL.B., commissioner to investigate and enquire into the affairs of the Six Nations Indians, 1923 |h[electronic resource] |
| 260 | |aOttawa - Ontario : |bPrivy Council Office |c1924. |
| 300 | |a25p.|btables |
| 500 | |aHistorical publication digitized in 2010 by Privy Council Office of Canada. "Department of Indian Affairs - Hon. Charles Steward, Superintendent General, Duncan C. Scott, F.R.S.C, Litt.D., Deputy Superintendent General"--Cover. |
| 590 | |a15-04-Supp|b2015-03-19 |
| 690 | 07|aCommissions of inquiry|2gcpds |
| 690 | 07|aIndigenous peoples|2gcpds |
| 856 | 40|ahttp://publications.gc.ca|qPDF|s1.71 MB|uhttps://publications.gc.ca/collections/collection_2014/bcp-pco/CP32-139-1924-eng.pdf |